Star Wars Quotes - Multiple Choice Quiz - Statistics

General Stats
  • This quiz has been taken 51 times
  • The average score is 13 of 20
Answer Stats
Question Answer % Correct
"To cheat death is the power only one has achieved, but if we work together, I know we can discover the secret." Darth Sidious
100%
"It's a trap!" Admiral Ackbar
80%
"I’m altering the deal. Pray I don’t alter it any further." Darth Vader
80%
"I'm being torn apart. I want to be free of this pain. I know what I have to do, but I don't know if I have the strength to do it. Will you help me?" Kylo Ren
80%
"Why, you slimy, double-crossing, no-good swindler! You’ve got a lot of guts coming here after what you pulled." Lando Calrissian
80%
"So this is how liberty dies...with thunderous applause." Padmé Amidala
80%
"I’m one with the Force. The Force is with me.” Chirrut Îmwe
60%
"At last we will reveal ourselves to the Jedi. At last we will have revenge." Darth Maul
60%
"The regional governors now have direct control over their territories. Fear will keep the local systems in line. Fear of this battle station." Grand Moff Tarkin
60%
“Sorry about the mess.” Han Solo
60%
"I find that answer vague and unconvincing." K-2SO
60%
"Let the past die. Kill it if you have to. That's the only way to become what you were meant to be." Kylo Ren
60%
"Why do I get the feeling you're going to be the death of me?" Obi-Wan Kenobi
60%
"You came in that thing? You're braver than I thought." Princess Leia
60%
"That's how we're gonna win. Not fighting what we hate, saving what we love." Rose Tico
60%
"Mind tricks don't work on me - only money. No money, no parts, no deal!" Watto
60%
"Once you start down the dark path, forever will it dominate your destiny." Yoda
60%
"Crazy thing is... it's true. The Force, the Jedi. All of it. It's all true." Han Solo
40%
"Everything you heard about me is true." Lando Calrissian
40%
"So what I told you was true, from a certain point of view." Obi-Wan Kenobi
20%
No matching quizzes found
Score Distribution
Percent of People with Each Score
Percentile by Number Answered
Your Score History
You have not taken this quiz